| Tag |
First Indicator |
Second Indicator |
Subfields |
| LEADER |
00000cam a2200000 i 4500 |
| 001 |
in00000008509 |
| 005 |
20151003070011.0 |
| 008 |
780117s1977 idu b 00010 eng |
| 010 |
|
|
|a 77076200
|
| 020 |
|
|
|a 088430051X :
|c $2.00
|
| 035 |
|
|
|a (OCoLC)03491735
|
| 035 |
|
|
|9 AAA0902AM
|
| 040 |
|
|
|a DLC
|c DLC
|d m.c.
|d TXA
|d UtOrBLW
|
| 043 |
|
|
|a n-us---
|
| 050 |
0 |
0 |
|a ND237.C35
|b M54
|
| 082 |
0 |
|
|a 759.13
|
| 100 |
1 |
|
|a Millichap, Joseph R.
|
| 245 |
1 |
0 |
|a George Catlin /
|c by Joseph R. Millichap.
|
| 264 |
|
1 |
|a Boise, Idaho :
|b Boise State University,
|c [1977]
|
| 264 |
|
4 |
|c ©1977
|
| 300 |
|
|
|a 48 pages ;
|c 21 cm.
|
| 336 |
|
|
|a text
|b txt
|2 rdacontent
|
| 337 |
|
|
|a unmediated
|b n
|2 rdamedia
|
| 338 |
|
|
|a volume
|b nc
|2 rdacarrier
|
| 490 |
1 |
|
|a Boise State University Western writers series ;
|v no. 27
|
| 504 |
|
|
|a Bibliography: pages 47-48.
|
| 600 |
1 |
0 |
|a Catlin, George,
|d 1796-1872.
|
| 650 |
|
0 |
|a Indians of North America
|v Pictorial works.
|
| 830 |
|
0 |
|a Boise State University western writers series ;
|v no. 27.
|
| 999 |
|
|
|a MARS
|
| 999 |
f |
f |
|s f4bdf39f-9cf6-36ba-b862-1e9a45eefcab
|i c9a97046-2dd9-39ca-b609-a93d86d38ecd
|t 0
|
| 952 |
f |
f |
|p normal
|a Texas A&M University
|b College Station
|c Sterling C. Evans Library
|d Evans: Library Stacks
|t 0
|e ND237.C35 M54
|h Library of Congress classification
|i unmediated -- volume
|m A14812615931
|
| 998 |
f |
f |
|a ND237.C35 M54
|t 0
|l Evans: Library Stacks
|